Feminism and Sociological Theory /

Gardado en:
Detalles Bibliográficos
Autor Corporativo: Conference on Feminism and Sociological Theory ( American Sociological Association, Theory Section)
Outros autores: Wallace, Ruth A. (edición) (edición)
Formato: Procedimiento de la conferencia Libro
Idioma:inglés
Publicado: Newbury Park, EUA : Sage, 1989, c1989
Series:(Key Issues in Sociological Theory ; 4)
Etiquetas: Engadir etiqueta
Sen Etiquetas, Sexa o primeiro en etiquetar este rexistro!

MARC

LEADER 00000nam^a2200000^a^4500
001 000266012
005 20250521000000.0
008 070827 19891989
009 20260526133844.069
020 |a 0-8039-3398-3 
037 |a Acervo ITESO - Biblioteca 
041 |a ING 
082 |a 305. 4201  |b CON 1988 
111 |a Conference on Feminism and Sociological Theory (  |d 1988 :  |c American Sociological Association, Theory Section) 
245 1 0 |a Feminism and Sociological Theory /  |c Conference on Feminism and Sociological Theory ; ed. e introd. de R.A. Wallace. 
264 4 |a Newbury Park, EUA :  |b Sage,  |c 1989, c1989 
300 |a 211 p. 
336 |a texto  |b txt  |2 rdacontenido 
337 |a sin mediación  |b n  |2 rdamedio 
338 |a volumen  |b nc  |2 rdasoporte 
440 1 |a (Key Issues in Sociological Theory ;  |v 4) 
649 |a XX 
700 |a Wallace, Ruth A.  |e (edición) 
910 |a Fondo General 
920 |a Impresos - Libros 
930 |a Colección General 
905 |a 101 
901 |a 0500149289  |b IT1  |c ACC  |u 20250521 
902 |a https://opac.biblio.iteso.mx/vufind/Record/000266012